000 00869cam a2200265 a 4500
999 _c128091
_d128091
001 16809443
003 ARRUPE
005 20180904122319.0
008 110428s2011 fr b 000 1 fre
010 _a 2011465903
020 _a9782843375873
035 _a(FrPJT)JTL00292762
040 _aDLC
_cDLC
042 _apcc
050 0 0 _aPQ2349
_b.H5
082 0 0 _a843/.914
_222
100 1 _amaupassant, Guy de
_919582
245 1 0 _aHistoires douces amères /
_cGuy de Maupassant
_bchoix et notes Christian Poslaniec Illustrations de Phillippe Dumas
260 _aParis :
_bMedium,
_c1981.
300 _a123p. ;
_c19 cm.
504 _aIncludes bibliographical references.
700 _aDumas, Philippe (ed.)
_941958
906 _a7
_bcbc
_corigres
_d4
_encip
_f20
_gy-gencatlg
942 _2lcc
_cMONOGRAPH